000
00328nam a22001337a 4500
008
250424b |||||||| |||| 00| 0 eng d
020
_a
0340845163
050
_a
HD5109.2
_b
.F54
100
_a
ELSTON, Carol
245
_a
Flexible Working
260
_a
Illinoise
_b
Mc-Graw Hill Companies
_c
2004
300
_a
xi, 218p.
942
_c
BK
999
_c
3132
_d
3132